<?xml version="1.0" encoding="UTF-8"?>
<record
    xmlns:xsi="http://www.w3.org/2001/XMLSchema-instance"
    xsi:schemaLocation="http://www.loc.gov/MARC21/slim http://www.loc.gov/standards/marcxml/schema/MARC21slim.xsd"
    xmlns="http://www.loc.gov/MARC21/slim">

  <leader>01001nam a22001815i 4500</leader>
  <controlfield tag="001">53152</controlfield>
  <controlfield tag="003">ES-MaACL</controlfield>
  <controlfield tag="005">20230906162721.0</controlfield>
  <controlfield tag="007">t|</controlfield>
  <controlfield tag="008">990701m18971899fr           ||||1| fre d</controlfield>
  <datafield tag="040" ind1=" " ind2=" ">
    <subfield code="a">AS </subfield>
    <subfield code="b">spa </subfield>
    <subfield code="c">CCPB | 3D</subfield>
  </datafield>
  <datafield tag="100" ind1="1" ind2=" ">
    <subfield code="a">Duhem, Pierre.</subfield>
    <subfield code="9">45944</subfield>
  </datafield>
  <datafield tag="245" ind1="1" ind2="0">
    <subfield code="a">Trait&#xE9; &#xE9;l&#xE9;mentaire de m&#xE9;canique chimique fond&#xE9;e sur la thermodynamique / </subfield>
    <subfield code="c">par P. Duhem.</subfield>
  </datafield>
  <datafield tag="260" ind1=" " ind2=" ">
    <subfield code="a">Paris : </subfield>
    <subfield code="b">Librairie scientifique A. Hermann, </subfield>
    <subfield code="c">1897-1899 (</subfield>
    <subfield code="e">Tours : </subfield>
    <subfield code="f">Imprimerie Deslis Fr&#xE8;res)</subfield>
  </datafield>
  <datafield tag="300" ind1=" " ind2=" ">
    <subfield code="a">4 v. ; </subfield>
    <subfield code="c">25 cm.</subfield>
  </datafield>
  <datafield tag="505" ind1="8" ind2=" ">
    <subfield code="a">Contiene: T. I. Introduction. Principes fondamentaux de la thermodynamique. Faux &#xE9;quilibres et explosions (VIII, 299 p.) -- t. II. Vaporisation et modifications analogues. Continuit&#xE9; entre l'&#xE9;tat liquide et l'&#xE9;tat gezeux. Dissociation des gaz parfaits (378 p.) -- t. III. Les m&#xE9;langes homog&#xE8;nes. Les dissolutions (380 p.) -- t. IV. Les m&#xE9;langes doubles. Statique chimique g&#xE9;n&#xE9;rale des syst&#xE8;mes h&#xE9;t&#xE9;rog&#xE8;nes (381 p.)</subfield>
  </datafield>
  <datafield tag="852" ind1=" " ind2=" ">
    <subfield code="a">ES-MaACL</subfield>
    <subfield code="j">C-3158-61</subfield>
  </datafield>
  <datafield tag="999" ind1=" " ind2=" ">
    <subfield code="c">53152</subfield>
    <subfield code="d">53152</subfield>
  </datafield>
  <datafield tag="952" ind1=" " ind2=" ">
    <subfield code="0">0</subfield>
    <subfield code="1">0</subfield>
    <subfield code="4">0</subfield>
    <subfield code="7">0</subfield>
    <subfield code="8">LIBXIX</subfield>
    <subfield code="a">ATENEOM</subfield>
    <subfield code="b">ATENEOM</subfield>
    <subfield code="c">SPAL</subfield>
    <subfield code="d">2008-01-17</subfield>
    <subfield code="e">SC</subfield>
    <subfield code="l">0</subfield>
    <subfield code="o">C-3158-61</subfield>
    <subfield code="p">1055849</subfield>
    <subfield code="r">2023-02-23 00:00:00</subfield>
    <subfield code="w">2023-02-23</subfield>
    <subfield code="y">MONANT</subfield>
  </datafield>
</record>
